| 000 | 00876 a2200277 4500 | ||
|---|---|---|---|
| 999 |
_c200424941 _d41447 |
||
| 001 | 200424941 | ||
| 003 | TR-AnTOB | ||
| 005 | 20241024164158.0 | ||
| 008 | 160822s tu 000 0 | ||
| 040 |
_btur _dTRTET _erda _aTR-AnTOB _cTR-AnTOB |
||
| 041 | 0 | _atur | |
| 050 | 0 | 0 |
_aLF525. _bN35 2006 |
| 090 | _aLF525. N35 2006 | ||
| 100 | 1 |
_aNas, Zekeriya _9115568 |
|
| 245 | 1 | 0 |
_aÜniversitelerin kent kültürüne etkileri / _cZekeriya Nas. |
| 264 |
_aVan : _bVan Belediye Başkanlığı Kültür Yayınları: 2, _c2006 |
||
| 300 |
_a(xii, 148 pages) ; _c21 cm. |
||
| 336 |
_atext _2rdacontent _btxt |
||
| 337 |
_aunmediated _2rdamedia _bn |
||
| 338 |
_avolume _2rdacarrier _bnc |
||
| 500 | _aBibliyografya. | ||
| 650 | 0 |
_aÜniversiteler ve yüksekokullar _zTürkiye _zVan İli _9115569 |
|
| 650 | 0 |
_aKentleşme _zTürkiye _zVan İli _9115570 |
|
| 942 |
_cBK _2lcc |
||